How an economy grows and why it crashes.
| Main Author: | |
|---|---|
| Other Authors: | |
| Format: | Book |
| Published: |
Hoboken:
John Wiley & Sons,
2010.
|
| Subjects: |
| LEADER | 00507cam a2200181 7i4500 | ||
|---|---|---|---|
| 001 | 0000026736 | ||
| 005 | 20110810090000.0 | ||
| 020 | 0 | 0 | |a 9780470526705 |
| 090 | 0 | 0 | |a B 330.9 |b SCH |
| 100 | 1 | 0 | |a Schiff |
| 245 | 1 | 0 | |a How an economy grows and why it crashes. |
| 260 | 0 | 0 | |a Hoboken: |b John Wiley & Sons, |c 2010. |
| 300 | # | # | |a 233 p. |
| 650 | 0 | 0 | |a Economic development |
| 650 | 0 | 0 | |a Business cycles |
| 650 | 0 | 0 | |a Financial crises |
| 700 | 1 | 1 | |a Schiff, |h Andrew J. |
| 999 | |a 0000029222 |b Book |c Book |e Business Information Centre | ||


